000 00876nam a2200325Ia 4500
001 33127
003 IT-RoPAU
008 130308s9999 xx 000 0 und d
040 _aIT-RoPAU
040 _cIT-RoPAU
041 _aITALIANO
100 _aRohmer Eric
100 _gCodice Aut. SPICS: 1948
245 _aHitchcock (Marsilio)
245 _bHitchcock (Marsilio)
250 _a1a ed.
260 _aVENEZIA
260 _bMarsilio
260 _c1986 [1° Ed.:1986 - Ed.Ling.Originale:1957]
300 _a"144 p. (prefazione: no ; testo: 144)"
500 _aHitchcock e la Nouvelle vague monografia su Hitchcock Filmografia di Hitchcock
650 _aAUTORI/OPERE DEL CINEMA
650 _eCodice materia Spics: 6807
700 _aChabrol Claude
700 _gCodice Aut. SPICS: 8157
942 _cBK
957 _71
999 _c71541
_d71541
999 _bSI
999 _g1